BIOLOGY (Record no. 26632)

MARC details
000 -LEADER
fixed length control field 00430nam a22001697a 4500
003 - CONTROL NUMBER IDENTIFIER
control field OSt
005 - DATE AND TIME OF LATEST TRANSACTION
control field 20220111160931.0
008 - FIXED-LENGTH DATA ELEMENTS--GENERAL INFORMATION
fixed length control field 220111b |||||||| |||| 00| 0 eng d
020 ## - INTERNATIONAL STANDARD BOOK NUMBER
International Standard Book Number 0-697-22366-3
040 ## - CATALOGING SOURCE
Transcribing agency HAWASSA UNIVERSITY
050 ## - LIBRARY OF CONGRESS CALL NUMBER
Classification number 570/GUT
Item number 5
082 ## - DEWEY DECIMAL CLASSIFICATION NUMBER
Classification number 570/GUT
Item number 5
100 ## - MAIN ENTRY--PERSONAL NAME
Personal name GUTTMAN BURTON S.
Fuller form of name GUTTMAN BURTON S.
9 (RLIN) 27704
245 ## - TITLE STATEMENT
Title BIOLOGY
260 ## - PUBLICATION, DISTRIBUTION, ETC.
Place of publication, distribution, etc. NEW YORK
Name of publisher, distributor, etc. MCGRAW HILL
Date of publication, distribution, etc. 1999
942 ## - ADDED ENTRY ELEMENTS (KOHA)
Source of classification or shelving scheme Dewey Decimal Classification
Koha item type Books like text book referance book
Suppress in OPAC No
Holdings
Withdrawn status Lost status Source of classification or shelving scheme Damaged status Not for loan Home library Current library Date acquired Total Checkouts Full call number Barcode Date last seen Copy number Price effective from Koha item type
    Dewey Decimal Classification     College of Agriculture Library College of Agriculture Library 01/11/2022   570/GUT ALIB0014652 01/11/2022 1 01/11/2022 Books like text book referance book
    Dewey Decimal Classification     College of Agriculture Library College of Agriculture Library 01/11/2022   570/GUT ALIB0014653 01/11/2022 5 01/11/2022 Books like text book referance book
    Dewey Decimal Classification     College of Agriculture Library College of Agriculture Library 01/11/2022   570/GUT ALIB0014654 01/11/2022 6 01/11/2022 Books like text book referance book
    Dewey Decimal Classification     College of Agriculture Library College of Agriculture Library 01/11/2022   570/GUT ALIB0014655 01/11/2022 7 01/11/2022 Books like text book referance book
    Dewey Decimal Classification     College of Agriculture Library College of Agriculture Library 01/11/2022   570/GUT ALIB0014656 01/11/2022 8 01/11/2022 Books like text book referance book